Second steppers (Record no. 83804)

MARC details
000 -LEADER
fixed length control field 00882cad a22002055a 4500
001 - CONTROL NUMBER
control field E155072
008 - FIXED-LENGTH DATA ELEMENTS--GENERAL INFORMATION
fixed length control field 120227e20120225xxk 000 0 eng u
035 ## - SYSTEM CONTROL NUMBER
System control number (Sirsi) u155072
041 0# - LANGUAGE CODE
Language code of text/sound track or separate title eng
110 2# - MAIN ENTRY--CORPORATE NAME
Corporate name or jurisdiction name as entry element Bank of Scotland
9 (RLIN) 5792
245 00 - TITLE STATEMENT
Title Second steppers
Remainder of title trapped in first home
Medium [electronic resource]
260 ## - PUBLICATION, DISTRIBUTION, ETC.
Date of publication, distribution, etc. 2012
490 ## - SERIES STATEMENT
Series statement Bank of Scotland Press Release
Volume/sequential designation 25 February 2012
520 ## - SUMMARY, ETC.
Summary, etc. Research by Bank of Scotland suggests that 65% of those wanting to move on to their second home have been unable to do so due to difficulties in selling their current house and a lack of affordable property to buy.
590 ## - LOCAL NOTE (RLIN)
Local note KA
651 #4 - SUBJECT ADDED ENTRY--GEOGRAPHIC NAME
Geographic name Scotland
Chronological subdivision 1999-
690 ## - LOCAL SUBJECT ADDED ENTRY--TOPICAL TERM (OCLC, RLIN)
Topical term or geographic name as entry element Residential property
9 (RLIN) 6266
856 40 - ELECTRONIC LOCATION AND ACCESS
Uniform Resource Identifier <a href="https://www.lloydsbankinggroup.com/media/pdfs/bos/2012/2502_Trapped.pdf">https://www.lloydsbankinggroup.com/media/pdfs/bos/2012/2502_Trapped.pdf</a>
Public note View the news release free of charge at www.lloydsbankinggroup.com
942 ## - ADDED ENTRY ELEMENTS (KOHA)
Suppress in OPAC 0
Holdings
Withdrawn status Lost status Source of classification or shelving scheme Damaged status Not for loan Home library Current library Shelving location Date acquired Total Checkouts Full call number Barcode Date last seen Copy number Price effective from Koha item type
    Dewey Decimal Classification     Virtual Virtual Online 27/02/2012   ONLINE PUBLICATION 155072-2001 06/08/2019 1 06/08/2019 Journal article